000 00695cam a2200241 4500
001 J3156
008 090401t1995 xxu||||| |||| 00| 0 eng d
035 _a(Sirsi) u53432
041 _aeng
050 _a711.552
110 _aJones Lang Wootton
_92909
245 _aRetailer property intentions: a survey of UK and international retailers. - Spring 1995
260 _aLondon
_bJones Lang Wootton
_c1995
300 _a11 leaves ; 30cm.
350 _a0
650 _aPROPERTY INTENTIONS
650 _aRETAIL PROPERTY
650 _aRETAILERS
690 _aPROPERTY-COMMERCIAL PROPERTY-RETAIL PROPERTY
710 _aBritish Retail Consortium
_91582
942 _n0
948 _c04/03/1997
999 _c93268
_d93268